000 01495nab a2200265 ab4500
005 20251119133543.0
008 991125c2016 mx fr p 000 spa d
035 _aUPN01000219965
049 _aART
003
040 _aMX-MxUPN
_bspa
_cMX-MxUPN
_eaacr
100 1 _aCuevas Badallo, Ana
245 1 0 _aArtefactualidad animal
520 3 _aTradicionalmente, fabricar artefactos se ha considerado una habilidad exclusivamente humana. No obstante, es necesario reconsiderar la exclusividad de esta capacidad teniendo en cuenta los últimos avances en el ámbito de la investigación etológica. Para proporcionar una respuesta adecuada a la pregunta de si otros animales son capaces de crear y utilizar artefactos, necesitamos reexaminar las nociones de intencionalidad y artefacto, así como la definición en etología sobre el uso y fabricación de herramientas.
_cLudus vitalis (traducción del resumen hecho con IA).
530 _a Disponible también en formato electrónico
653 0 _aEtología
653 0 _aAprendizaje social
653 0 _aCreacionea artefactuales animales
773 _gVol. 23, no. 45, (2016), p. 155-174
_tLudus vitalis: revista de filosofía de las ciencias de la vida
_x1133-5165
856 4 _uhttps://www.centrolombardo.edu.mx/ludus-vitalis-busqueda-avanzada/entry/3502/
856 4 _uhttps://www.centrolombardo.edu.mx/wp-content/uploads/formidable/45/461-944-1-sm.pdf
902 _uLeonor Sotres/191125
905 _aArticulo
942 _cAI
999 _c192064
_d192064